Languages: Countries from Estonian to English - Statistics

General Stats
  • This quiz has been taken 956 times
  • The average score is 14 of 16
Answer Stats
Country in Estonian And in English % Correct
Hispaania Spain
98%
Egiptus Egypt
97%
Lõuna-Aafrika South Africa
96%
Eesti Estonia
95%
Norra Norway
95%
Soome Finland
94%
Türgi Turkey
93%
Venemaa Russia
90%
Kreeka Greece
89%
Ühendkuningriik United Kingdom
88%
Hiina China
84%
Rootsi Sweden
82%
Leedu Lithuania
78%
Prantsusmaa France
77%
Iirimaa Ireland
70%
Taani Denmark
68%
No matching quizzes found
Score Distribution
Percent of People with Each Score
Percentile by Number Answered
Your Score History
You have not taken this quiz